00503nam a22001577a 4500003000500000005001700005008004100022020001800063040000600081082001500087100006700102245005600169260003000225300001500255650007500270CEME20210628202852.0210118b xxu||||| |||| 00| 0 eng d a0-387-33883-7 c. a005.82 CRY aSaqib, N.A, Perez, Arturo Diaz, Rodriguez-Henriquez, Francisco aCryptographic algorithms on reconfigurable hardware aNEW DELHIbSPRINGERc2006 aXXIV,362 P aADAPTIVE COMPUTING SYSTEMS. FIELD PROGRAMMABLE GATE ARRAY.CRYPTOGRAPHY